000 00445nam a22001697a 4500
003 NUST - PNEC
005 20170116180910.0
008 150903b xxu||||| |||| 00| 0 eng d
020 _a0070569274
040 _cLIBRARY
082 _a6211.815 SHI
100 _96973
_aShigley, Joseph
245 _aMechanisms : a mechanical designers' workbook
_cJoseph Shigley
260 _cc1990.
650 _96974
_aMachine design
_xME
942 _2ddc
_cBK
999 _c65245
_d65245